000 00474nam a2200169Ia 4500
003 OSt
005 20260309155739.0
008 211028s2011 xx 000 0 und d
040 _cAIMIT LIBRARY
041 _aeng
100 _aShetty, Ranjith; Kudari, Medha.
_g81776
_93533
110 _aAravinda Prabhu.
_93534
245 _aMobile application for rural based health care /
260 _aManipal
_c2011
710 _aPersistent Systems Limited
_93535
942 _2ddc
_cPRO
999 _c217264
_d217264